[Event "Regionalliga NW 0102"]
[Site "Bayern"]
[Date "2002.04.14"]
[Round "8.8"]
[White "Gundermann, Achim"]
[Black "Rahn, Manfred"]
[Result "1/2-1/2"]
[WhiteElo "1735"]
[BlackElo "1605"]
[PlyCount "67"]
[EventDate "2001.10.07"]
[EventType "team-tourn"]
[EventRounds "9"]
[EventCountry "GER"]
[SourceTitle "EXT 2003"]
[Source "ChessBase"]
[SourceDate "2002.11.25"]
[SourceVersion "1"]
[SourceVersionDate "2002.11.25"]
[SourceQuality "1"]
[WhiteTeam "Sand"]
[BlackTeam "Marktleuthen"]
[WhiteTeamCountry "GER"]
[BlackTeamCountry "GER"]

1. e4 e5 2. Nf3 Nc6 3. Bc4 Bc5 4. c3 Nf6 5. d4 exd4 6. b4 Bb6 7. e5 d5 8. exf6 dxc4 9. b5 Na5 10. fxg7 Qe7+ 11. Kf1 Rg8 12. Nxd4 Rxg7 13. Ba3 Qe4 14. f3 Qd3+ 15. Qxd3 cxd3 16. Nd2 Bxd4 17. cxd4 Be6 18. Kf2 0-0-0 19. Bb2 Rgg8 20. Rhe1 b6 21. a4 Nb7 22. Re3 Bf5 23. Ne4 Bxe4 24. fxe4 Nd6 25. Bc3 Rge8 26. Kf3 Nc4 27. Ree1 Re6 28. d5 Rh6 29. h3 Rg6 30. Rad1 Rdg8 31. Rg1 Rg3+ 32. Kf2 Re3 33. Rge1 Reg3 34. Rg1 1/2-1/2

[Event "Regionalliga NW 9900"]
[Site "Bayern"]
[Date "2000.??.??"]
[Round "6.7"]
[White "Gundermann, Achim"]
[Black "Ruetzel, Wolfgang"]
[Result "1/2-1/2"]
[WhiteElo "1710"]
[BlackElo "2040"]
[PlyCount "35"]
[EventDate "1999.??.??"]
[EventType "team-tourn"]
[EventRounds "9"]
[EventCountry "GER"]
[SourceTitle "EXT 2020"]
[Source "ChessBase"]
[SourceDate "2019.10.17"]
[SourceVersion "1"]
[SourceVersionDate "2019.10.17"]
[SourceQuality "1"]
[WhiteTeam "Sand"]
[BlackTeam "Burgsinn"]
[WhiteTeamCountry "GER"]
[BlackTeamCountry "GER"]

1. e4 c5 2. c3 Nf6 3. e5 Nd5 4. d4 cxd4 5. cxd4 Nc6 6. Nc3 Nxc3 7. bxc3 d6 8. exd6 Qxd6 9. Nf3 e6 10. Bd3 Be7 11. 0-0 0-0 12. Ng5 f5 13. Qb3 h6 14. Nf3 Kh7 15. Rd1 Qc7 16. Bb2 Na5 17. Qc2 Nc4 18. Re1 1/2-1/2

[Event "Regionalliga NW 9798"]
[Site "Bayern"]
[Date "1998.??.??"]
[Round "?.8"]
[White "Gundermann, Achim"]
[Black "Wolf, Hans Dieter"]
[Result "0-1"]
[WhiteElo "1685"]
[BlackElo "1870"]
[PlyCount "86"]
[EventDate "1997.10.??"]
[EventType "team-tourn"]
[EventRounds "9"]
[EventCountry "GER"]
[SourceTitle "EXT 2020"]
[Source "ChessBase"]
[SourceDate "2019.10.17"]
[SourceVersion "1"]
[SourceVersionDate "2019.10.17"]
[SourceQuality "1"]
[WhiteTeam "Sand"]
[BlackTeam "Bad Neustadt"]
[WhiteTeamCountry "GER"]
[BlackTeamCountry "GER"]

1. e4 c5 2. Nc3 Nc6 3. g3 g6 4. Bg2 Bg7 5. d3 e6 6. f4 d6 7. Nf3 Nge7 8. 0-0 0-0 9. Rb1 Nd4 10. Bd2 Nec6 11. g4 f5 12. h3 Nxf3+ 13. Rxf3 Nd4 14. Rf1 fxg4 15. hxg4 Rb8 16. Be1 b5 17. a4 b4 18. Ne2 b3 19. c3 Nc2 20. Ng3 Ne3 21. Qe2 Nxf1 22. Qxf1 Bd7 23. Bd2 Bh6 24. Rd1 e5 25. f5 Bxd2 26. Rxd2 Qg5 27. Qd1 h5 28. Bh3 gxf5 29. gxf5 h4 30. Qh5 Qxh5 31. Nxh5 Kh8 32. Rg2 Rg8 33. Nf6 Rxg2+ 34. Kxg2 Bxa4 35. Nd5 Rg8+ 36. Kf2 Rg3 37. Bf1 Be8 38. Ne3 Bf7 39. Ng2 a5 40. Nxh4 Rg4 41. Nf3 Rf4 42. Ke3 Rxf3+ 43. Kxf3 a4 0-1